000 00395pab a2200133 454500
008 180718b2004 xxu||||| |||| 00| 0 eng d
100 _aRyan, Mark B.
245 _aTranspersonal psychology and the interpretation of history: a reading of the Gettysburg address
260 _c2004
300 _ap.1-17.
650 _aPsychology
773 _aJournal of Transpersonal Psychology
909 _a64717
999 _c64717
_d64717